Normal view
MARC view
Entry Personal Name
001 - CONTROL NUMBER
- control field: 9718
003 - CONTROL NUMBER IDENTIFIER
- control field: ARRUPE
005 - DATE AND TIME OF LATEST TRANSACTION
- control field: 20140402142917.0
008 - FIXED-LENGTH DATA ELEMENTS
- fixed length control field: 140402|| aca||aabn | a|a d
040 ## - CATALOGING SOURCE
- Original cataloging agency: ARRUPE
- Transcribing agency: ARRUPE
100 ## - HEADING--PERSONAL NAME
- Personal name: Alan, Rake
670 ## - SOURCE DATA FOUND
- Source citation: Work cat.: (ARRUPE): Alan, Rake, Central and Southern Africa, 1990